Najstarší za "veľkou mlákou"

Bibliographic Details
Main Authors: Holý, Ján A., 1922-2020 (Author), Straka, Milan (Author)
Format: Article
Language:Slovak
PhysicalDescription:Fot. 8.
Subjects:

MARC

LEADER 00000nab a2200000 a 4500
001 vtls000408488
003 SK-MaSNL
005 20260304065241.0
008 120924c1991 xo 0 slo
015 |a SNBRB19rr/mm-uuuuu 
035 |a CL0408612 
040 |a SNKBUCL  |b slo  |c SNKBUCL  |e AACR2 
041 0 |a slo 
044 |a xo  |c SK 
080 |a 323.113(73=854):05  |2 1981 
080 |a 05  |2 1981 
100 1 |a Holý, Ján A.,  |d 1922-2020  |4 aut  |9 15556 
245 1 0 |a Najstarší za "veľkou mlákou"  |c Ján Holý, Milan Straka 
300 |b Fot. 8. 
630 0 7 |a Slovák v Amerike (časopis)  |2 snkbucl  |9 720187 
650 0 7 |a Slováci v zahraničí  |2 snkbucl  |9 14695 
651 7 |a Spojené štáty americké  |2 snkbucl  |9 18262 
655 7 |a články z novín a časopisov  |2 snkbucl  |9 267496 
700 1 |a Straka, Milan  |4 aut  |9 267783 
773 0 |t Slovensko  |g Roč. 15, č. 3 (1991), s. /4-6/ 
850 |a Slovenská národná knižnica v Martine  |a MTA001 
852 |a SNK  |b KIS3GCP 
958 |a RK 
992 |a RBX 
999 |c 2749907  |d 2751837